000 00556nam a22001937a 4500
003 CEME
005 20210628203910.0
008 210126b xxu||||| |||| 00| 0 eng d
020 _a0-07-119848-2
040 _c.
082 _a621.3821 LEO
100 _aLeon-Garcia, Alberto:Widjaja, Indra
_960770
245 _aCommunicaiton networks;fundamental concepts and key architectures
250 _a2ND
260 _aNEW YORK
_bMCGRAW HILL
_c2004
300 _aXXV,900P
650 _aTELECOMMUNICATION SYSTEMS, COMPUTER NETWORKS
_967769
942 _cBK
_2ddc
999 _c575477
_d575477